En Avant Guingamp - Choix Multiples - Statistiques

Statistiques générales
  • Ce quiz a été pris 33 fois
  • Le résultat moyen est 9 sur 17
Statistiques - réponses
Question Réponse % Correct
Comment se nomme le stade ? Roudourou
90%
Dans quel département se trouve le club ? Côtes d'Armor
86%
Comment se nomme l'ancien président de la FFF, qui a aussi été président de l'EAG ? Noël Le Graet
83%
Quel était le logo du club quand l'EAG à participé à la Ligue Europa ?
79%
Quelle est la particularité du stade ? Il y a plus de sièges que d'habitants a Guingamp
76%
Quel trophée le club a-t-il le plus gagné dans son histoire ? Coupe de France
69%
Qu'est ce que signifie le club des "Kalon" composé de 15 206 membres ? Ceux sont des supporters actionnaires
66%
Comment se nomme le sponsor titre de l'EAG ? Celtigel
52%
En quelle année fut fondée l'EAG ? 1912
48%
Quel est à ce jour la meilleure place obtenue par le club en Ligue 1 ? Septième
48%
Qui est actuellement le meilleur buteur en ligue 1 de l'EAG ? Jimmy Briand
34%
La section féminine de l'EAG fondée dans les années 1970, s'appelait comment au début ? Saint Brieuc SC
28%
Quel joueur est le plus capé du club ? Claude Michel
24%
Comment se nomme l'équipementier de l'En Avant de Guingamp ? Kappa
24%
Quelle internationale française n'est pas passée par la section de l'EAG ? Jade Le Guilly
17%
En quelle année le club a-t-il obtenu son statut de professionnel ? 1984
14%
En quelle année la section a-t-elle remportée le titre en première division ? 1989
14%
Aucun quiz correspondant
Distribution des résultats
% des personnes avec chaque résultat
Percentile par nombre de réponses
Votre historique - résultats
Vous n’avez pas pris ce quiz